| 000 | 00470nam a2200133 a 4500 | ||
|---|---|---|---|
| 008 | 120416s1964 ||||||||||||||||| || u | ||
| 050 | _aHG 229 Bal | ||
| 100 | _aBall, Robert James | ||
| 245 | 1 | 0 | _aInflation and the theory of money |
| 260 |
_aLondon _bAllen & Unwin _c1964 |
||
| 300 | _a313p : ill | ||
| 350 | _a0.00 | ||
| 995 |
_D0.00 _FCBU-MAIN LIBRARY (Kitwe) _H1 _I0.00 _UAVAILABLE _ZMain Library Open Access Collection |
||
| 999 |
_c46811 _d46811 |
||